Effective supervision : (Record no. 3205)

000 -LEADER
fixed length control field nam a22 a 4500
005 - DATE AND TIME OF LATEST TRANSACTION
control field 20170519164004.0
008 - FIXED-LENGTH DATA ELEMENTS--GENERAL INFORMATION
fixed length control field 170519b1979 enk||||| |||| 00| 0 eng d
020 ## - INTERNATIONAL STANDARD BOOK NUMBER
International Standard Book Number 0132464624 (pbk) :
Terms of availability £8.00
040 ## - CATALOGING SOURCE
Original cataloging agency AKMAL
082 ## - DEWEY DECIMAL CLASSIFICATION NUMBER
Classification number 658.3 WAS
090 ## - LOCALLY ASSIGNED LC-TYPE CALL NUMBER (OCLC); LOCAL CALL NUMBER (RLIN)
Classification number (OCLC) (R) ; Classification number, CALL (RLIN) (NR) 658.3
Local cutter number (OCLC) ; Book number/undivided call number, CALL (RLIN) WAS
100 1# - MAIN ENTRY--PERSONAL NAME
Personal name Wasmuth, William J.
9 (RLIN) 6596
245 10 - TITLE STATEMENT
Title Effective supervision :
Remainder of title developing your skills through critical incidents /
Statement of responsibility, etc. William J. Wasmuth, Leonard Greenhalgh.
260 ## - PUBLICATION, DISTRIBUTION, ETC.
Place of publication, distribution, etc. Englewood Cliffs ;
Name of publisher, distributor, etc. Prentice-Hall,
Date of publication, distribution, etc. 1979.
260 ## - PUBLICATION, DISTRIBUTION, ETC.
Place of publication, distribution, etc. London :
300 ## - PHYSICAL DESCRIPTION
Extent xiii,290p. :
Other physical details ill., forms, plans ;
Dimensions 23cm
500 ## - GENERAL NOTE
General note Includes index.
650 0# - SUBJECT ADDED ENTRY--TOPICAL TERM
Topical term or geographic name entry element Supervision of employees.
9 (RLIN) 5850
650 0# - SUBJECT ADDED ENTRY--TOPICAL TERM
Topical term or geographic name entry element Personnel management.
9 (RLIN) 602
700 1# - ADDED ENTRY--PERSONAL NAME
Personal name Greenhalgh, Leonard.
9 (RLIN) 6597
942 ## - ADDED ENTRY ELEMENTS (KOHA)
Source of classification or shelving scheme
Koha item type Book
Holdings
Withdrawn status Lost status Source of classification or shelving scheme Damaged status Not for loan Collection code Home library Current library Shelving location Date acquired Inventory number Total Checkouts Full call number Barcode Date last seen Price effective from Koha item type
          NON-FICTION AKMAL Melaka AKMAL Melaka PINJAMAN 19.05.2017 600030   658.3 WAS 201704063 19.05.2017 19.05.2017 Book
Pusat Sumber Maklumat Dato' Haji Sarmin Md Hussin, Akademi Kastam Diraja Malaysia, Melaka
Tel: 06-2331106 | Faks: 06-2313787